| 000 | 00000nas 2200000zi 4500 |
| 001 | 9.903652 |
| 003 | CaOODSP |
| 005 | 20250107144056 |
| 006 | m o d f |
| 007 | cr cn |||||||| |
| 008 | 210927c20169999qucar p o s f0###a0eng|d |
| 020 | |z9780660305264 |
| 022 | |a2564-3789 |
| 040 | |aCaOODSP|beng|erda|cCaOODSP |
| 043 | |an-cn--- |
| 086 | 1 |aEn11-19E-PDF|zEn14-376/2016E-PDF |
| 222 | 0|aWastewater systems effluent regulations |
| 245 | 00|aWastewater systems effluent regulations : |b... status report. |
| 264 | 1|aGatineau, QC : |bEnvironment and Climate Change Canada = Environnement et changement climatique Canada, |c2019- |
| 310 | |aAnnual |
| 336 | |atext|btxt|2rdacontent |
| 337 | |acomputer|bc|2rdamedia |
| 338 | |aonline resource|bcr|2rdacarrier |
| 362 | 1 |aBegan with 2016. |
| 500 | |aIssued also in French under title: Règlement sur les effluents des systèmes d'assainissement des eaux usées : rapport d'étape ... |
| 500 | |aCover title. |
| 588 | |aDescription based on: 2016. |
| 588 | |aLatest issue checked: 2016. |
| 650 | 0|aSewage disposal plants|zCanada|vStatistics. |
| 650 | 0|aSewage disposal plants|zCanada|vPeriodicals. |
| 655 | 7|aStatistics|2lcgft |
| 655 | 7|aPeriodicals|2lcgft |
| 710 | 1 |aCanada. |bEnvironment and Climate Change Canada, |eissuing body. |
| 775 | 08|tRèglement sur les effluents des systèmes d'assainissement des eaux usées : |w(CaOODSP)9.903654 |